000 00319nam a2200097Ia 4500
008 241105s9999 xx 000 0 und d
041 _aeng
100 _aShukla Anika
_9182646
245 _aAagaz Residential Educational And Work Centre For Women And Orphans At Valjiri Village
260 _bFinal Year B.Arch ID, Pune
_c2014
999 _c360937
_d360937